000 00581nam a2200217 i 4500
001 77947
003 ES-MaACL
005 20230906173452.0
007 t|
008 041116s2004 sp ||||1| spa d
020 _a84-204-0155-2
080 _a929 Aldecoa, Josefina
080 _a821.134.2-94"19"
100 1 _aAldecoa, Josefina.
_919629
245 1 0 _aEn la distancia /
_cJosefina Aldecoa.
250 _a2ยช ed.
260 _a[Madrid] :
_bAlfaguara,
_c2004.
300 _a233 p. ;
_c23 cm.
600 1 4 _aAldecoa, Josefina.
_919629
852 _aES-MaACL
_jL-28460
_bR.134218
999 _c77947
_d77947